000
00264nam a2200109Ia 4500
005
20251222141952.0
008
251222s9999||||xx |||||||||||||| ||spa||
082
_a
779/C76
245
0
_a
Diez Exposiciones de FotografĂa
264
_b
Comunidad de Madrid
942
_c
LIB
999
_c
9721
_d
9721